[Event "AUT-chT2M 1314"]
[Site "Austria"]
[Date "2014.04.05"]
[Round "10.4"]
[White "Ly, Dominik"]
[Black "Koefeler, Christian"]
[Result "1-0"]
[WhiteElo "1872"]
[BlackElo "2030"]
[PlyCount "51"]
[EventDate "2013.10.04"]
[EventType "team-tourn"]
[EventRounds "11"]
[EventCountry "AUT"]
[SourceTitle "EXT 2015"]
[Source "ChessBase"]
[SourceDate "2014.11.20"]
[SourceVersion "1"]
[SourceVersionDate "2014.11.20"]
[SourceQuality "1"]
[WhiteTeam "Freistadt/Wartberg"]
[BlackTeam "Feffernitz"]
[WhiteTeamCountry "AUT"]
[BlackTeamCountry "AUT"]

1. e4 c5 2. Nf3 Nc6 3. d4 cxd4 4. Nxd4 g6 5. Nc3 Bg7 6. Be3 Nf6 7. Bc4 Qa5 8. 0-0 0-0 9. Bb3 d6 10. h3 Bd7 11. Re1 Rac8 12. Qe2 a6 13. Rad1 b5 14. f4 Rfe8 15. Nf3 Qc7 16. Bf2 Na5 17. e5 Nh5 18. Nd5 Nxf4 19. Nxf4 Nxb3 20. cxb3 Qa5 21. Nd5 Bf5 22. exd6 exd6 23. Qxe8+ Rxe8 24. Rxe8+ Bf8 25. Nf6+ Kg7 26. Bd4 1-0

[Event "AUT-chT2M 1314"]
[Site "Austria"]
[Date "2014.03.22"]
[Round "7.4"]
[White "Lentrodt, Thomas"]
[Black "Koefeler, Christian"]
[Result "1-0"]
[WhiteElo "2252"]
[BlackElo "2030"]
[PlyCount "99"]
[EventDate "2013.10.04"]
[EventType "team-tourn"]
[EventRounds "11"]
[EventCountry "AUT"]
[SourceTitle "EXT 2015"]
[Source "ChessBase"]
[SourceDate "2014.11.20"]
[SourceVersion "1"]
[SourceVersionDate "2014.11.20"]
[SourceQuality "1"]
[WhiteTeam "Grieskirchen/Sedda"]
[BlackTeam "Feffernitz"]
[WhiteTeamCountry "AUT"]
[BlackTeamCountry "AUT"]

1. d4 d5 2. Nf3 Nf6 3. c4 dxc4 4. e3 Bg4 5. Bxc4 e6 6. h3 Bh5 7. Nc3 a6 8. g4 Bg6 9. Ne5 Nbd7 10. Nxg6 hxg6 11. Qf3 c6 12. a3 Qc7 13. Bd2 Nb6 14. Ba2 0-0-0 15. g5 Nh5 16. Ne4 Nd5 17. Rc1 Rd7 18. Nc5 Bxc5 19. Rxc5 Re8 20. 0-0 Kb8 21. Rfc1 Qd6 22. b4 e5 23. e4 Ndf4 24. d5 cxd5 25. Bxd5 Ne6 26. Bxe6 Qxe6 27. Be3 Rd3 28. Rd5 Nf4 29. Rxd3 Nxd3 30. Rc3 Nf4 31. Bxf4 exf4 32. Qxf4+ Qe5 33. Rf3 Qxf4 34. Rxf4 Re7 35. Rf3 Kc7 36. Re3 Kd6 37. f4 f5 38. gxf6 gxf6 39. Kf2 Rc7 40. Rg3 Rc2+ 41. Kf3 g5 42. fxg5 fxg5 43. Kg4 Ke5 44. Kxg5 Kxe4 45. h4 Rc8 46. h5 b6 47. h6 Rg8+ 48. Kh4 Rh8 49. Kh5 Kf5 50. Rg6 1-0

[Event "Steyr Landesliga 1314"]
[Site "Austria"]
[Date "2013.09.28"]
[Round "1.5"]
[White "Koefeler, Christian"]
[Black "Strallhofer, Hermann"]
[Result "1/2-1/2"]
[WhiteElo "2030"]
[BlackElo "2110"]
[PlyCount "26"]
[EventDate "2013.09.28"]
[EventType "team-tourn"]
[EventRounds "11"]
[EventCountry "AUT"]
[SourceTitle "EXT 2015"]
[Source "ChessBase"]
[SourceDate "2014.11.20"]
[SourceVersion "1"]
[SourceVersionDate "2014.11.20"]
[SourceQuality "1"]
[WhiteTeam "Trofaiach Niklasdorf"]
[BlackTeam "Leoben"]
[WhiteTeamCountry "AUT"]
[BlackTeamCountry "AUT"]

1. e4 c5 2. c3 d5 3. exd5 Qxd5 4. d4 Nf6 5. Nf3 Bg4 6. dxc5 Qxd1+ 7. Kxd1 e5 8. b4 e4 9. h3 Bh5 10. g4 Nxg4 11. hxg4 Bxg4 12. Be2 exf3 13. Bc4 Nc6 1/2-1/2

[Event "Feffernitz Raika op 22nd"]
[Site "Feffernitz"]
[Date "2013.08.22"]
[Round "6"]
[White "Gruber, Othmar"]
[Black "Koefeler, Christian"]
[Result "0-1"]
[WhiteElo "1792"]
[BlackElo "2015"]
[PlyCount "54"]
[EventDate "2013.08.18"]
[EventType "swiss"]
[EventRounds "9"]
[EventCountry "AUT"]
[SourceTitle "CBM 156 Extra"]
[Source "ChessBase"]
[SourceDate "2013.10.22"]
[SourceVersion "1"]
[SourceVersionDate "2013.10.22"]
[SourceQuality "1"]

1. Nc3 d5 2. e4 d4 3. Nce2 e5 4. Ng3 Be6 5. Nf3 f6 6. Bb5+ c6 7. Be2 Ne7 8. 0-0 Qd6 9. h3 Nd7 10. d3 g6 11. Nh2 0-0-0 12. c3 h5 13. f3 Bh6 14. Bxh6 Rxh6 15. Rf2 f5 16. Bf1 g5 17. exf5 Bxf5 18. Ne4 Bxe4 19. dxe4 dxc3 20. bxc3 Nc5 21. Qc1 Rg6 22. Kh1 Ne6 23. Qb2 Nf4 24. Rb1 Rd7 25. Qc2 Qc5 26. g3 Ne6 27. Qb3 Qxf2 0-1

[Event "Feffernitz Raika op 22nd"]
[Site "Feffernitz"]
[Date "2013.08.19"]
[Round "3"]
[White "Koefeler, Christian"]
[Black "Mazi, Leon"]
[Result "0-1"]
[WhiteElo "2015"]
[BlackElo "2368"]
[PlyCount "72"]
[EventDate "2013.08.18"]
[EventType "swiss"]
[EventRounds "9"]
[EventCountry "AUT"]
[SourceTitle "CBM 156 Extra"]
[Source "ChessBase"]
[SourceDate "2013.10.22"]
[SourceVersion "1"]
[SourceVersionDate "2013.10.22"]
[SourceQuality "1"]

1. e4 c5 2. c3 Nf6 3. e5 Nd5 4. Nf3 Nc6 5. Bc4 Nb6 6. Bb3 c4 7. Bc2 Qc7 8. Qe2 g5 9. e6 dxe6 10. Nxg5 Qe5 11. d4 cxd3 12. Bxd3 Qxe2+ 13. Bxe2 Bg7 14. Na3 Nd5 15. Bd2 b6 16. 0-0 Bb7 17. Rad1 h6 18. Nf3 0-0-0 19. Nc2 e5 20. Nh4 e6 21. c4 Nf4 22. Bxf4 exf4 23. b3 Rhg8 24. Bh5 Ne5 25. Nd4 Bf6 26. Nhf3 Rg7 27. Rfe1 Nxf3+ 28. Bxf3 Bxf3 29. Nxf3 Rdg8 30. g3 fxg3 31. hxg3 h5 32. Re4 Rg4 33. Rde1 h4 34. Kg2 hxg3 35. fxg3 Rxg3+ 36. Kf2 Rg2+ 0-1

[Event "Feffernitz Raika op 20th"]
[Site "Feffernitz"]
[Date "2011.08.28"]
[Round "9"]
[White "Globevnik, Iztok"]
[Black "Koefeler, Christian"]
[Result "0-1"]
[WhiteElo "1798"]
[BlackElo "2037"]
[PlyCount "114"]
[EventDate "2011.08.21"]
[EventType "swiss"]
[EventRounds "9"]
[EventCountry "AUT"]
[SourceTitle "CBM 144 Extra"]
[Source "ChessBase"]
[SourceDate "2011.10.28"]
[SourceVersion "1"]
[SourceVersionDate "2011.10.28"]
[SourceQuality "1"]

1. e4 e6 2. d4 d5 3. exd5 exd5 4. Bd3 Nc6 5. Ne2 Bd6 6. c3 Nge7 7. Bf4 Bg4 8. f3 Bh5 9. Bxd6 Qxd6 10. 0-0 Bg6 11. Qd2 Bxd3 12. Qxd3 g5 13. Ng3 0-0-0 14. Nd2 h5 15. Nf5 Qf6 16. Nxe7+ Nxe7 17. Rf2 h4 18. Nf1 Ng6 19. Ne3 Nf4 20. Qf5+ Qxf5 21. Nxf5 Rde8 22. Kf1 Rh7 23. Rd2 h3 24. g3 Ng2 25. Re2 Rxe2 26. Kxe2 f6 27. Rd1 Kd7 28. Rd3 Rh8 29. Ne3 Ke6 30. Kf2 Nxe3 31. Rxe3+ Kd6 32. g4 b6 33. Kg3 c5 34. dxc5+ bxc5 35. f4 d4 36. cxd4 cxd4 37. Ra3 Kd5 38. Rxa7 Ke4 39. fxg5 fxg5 40. Re7+ Kd3 41. a4 Kc2 42. Rg7 d3 43. Rxg5 Rd8 44. Rf5 d2 45. Rf1 Rd3+ 46. Kh4 d1Q 47. Rxd1 Kxd1 48. a5 Ke2 49. b4 Kf3 50. a6 Kf4 51. b5 Ra3 52. g5 Ra5 53. g6 Kf5 54. g7 Ra4+ 55. Kh5 Rg4 56. b6 Rxg7 57. Kh6 Rg6+ 0-1

[Event "Feffernitz Raika op 19th"]
[Site "Feffernitz"]
[Date "2010.08.24"]
[Round "4"]
[White "Jaeger, Manfred"]
[Black "Koefeler, Christian"]
[Result "0-1"]
[WhiteElo "1822"]
[BlackElo "2037"]
[PlyCount "120"]
[EventDate "2010.08.22"]
[EventType "swiss"]
[EventRounds "9"]
[EventCountry "AUT"]
[SourceTitle "CBM 138 Extra"]
[Source "ChessBase"]
[SourceDate "2010.10.29"]
[SourceVersion "1"]
[SourceVersionDate "2010.10.29"]
[SourceQuality "1"]

1. e4 e5 2. Nf3 Nc6 3. Bc4 Bc5 4. 0-0 Nf6 5. d3 h6 6. c3 0-0 7. b4 Bb6 8. a4 a6 9. Be3 d5 10. exd5 Nxd5 11. Qe2 Bg4 12. Bxb6 Nxb6 13. Bb3 Qf6 14. Nbd2 Rad8 15. b5 Ne7 16. Qxe5 Rxd3 17. Qxc7 axb5 18. Ne4 Qg6 19. Ng3 Rd7 20. Qf4 Ned5 21. Qe5 Bxf3 22. gxf3 bxa4 23. Bxa4 Nxa4 24. Rxa4 Qf6 25. Qxf6 Nxf6 26. Kg2 Rc8 27. c4 Rdc7 28. Rc1 b5 29. Rb4 Rxc4 30. Rbxc4 Rxc4 31. Rxc4 bxc4 32. Ne2 Nd5 33. Kf1 f5 34. Ke1 Kf7 35. Kd2 Kg6 36. Nd4 f4 37. Nc6 Kh5 38. Ne5 Nb6 39. Kc3 g5 40. Ng4 Kg6 41. Ne5+ Kf5 42. Nxc4 Nxc4 43. Kxc4 g4 44. Kd4 h5 45. Kd5 h4 46. fxg4+ Kxg4 47. Ke4 f3 48. Ke3 Kh3 49. Kxf3 Kxh2 50. Kg4 h3 51. f4 Kg2 52. f5 h2 53. Kg5 h1Q 54. Kg6 Qh8 55. Kf7 Qh7+ 56. Ke6 Qg7 57. f6 Qf8 58. f7 Kg3 59. Kf6 Kf4 60. Ke6 Kg5 0-1

[Event "Feffernitz Raika op 19th"]
[Site "Feffernitz"]
[Date "2010.08.22"]
[Round "2"]
[White "Koefeler, Christian"]
[Black "Ceschia, Ivano"]
[Result "1-0"]
[WhiteElo "2037"]
[BlackElo "2256"]
[PlyCount "65"]
[EventDate "2010.08.22"]
[EventType "swiss"]
[EventRounds "9"]
[EventCountry "AUT"]
[SourceTitle "CBM 138 Extra"]
[Source "ChessBase"]
[SourceDate "2010.10.29"]
[SourceVersion "1"]
[SourceVersionDate "2010.10.29"]
[SourceQuality "1"]

1. e4 c5 2. c3 Nf6 3. e5 Nd5 4. Nf3 Nc6 5. Bc4 Nb6 6. Bb3 c4 7. Bc2 d6 8. exd6 e5 9. Qe2 Bxd6 10. a4 0-0 11. a5 Nd5 12. Qxc4 Nf4 13. 0-0 Be6 14. Qa4 Qf6 15. Qe4 g6 16. Qe3 Rac8 17. Be4 Rfe8 18. d3 Rc7 19. Nbd2 Ne7 20. Ra4 Nf5 21. Bxf5 Qxf5 22. Ne4 Be7 23. Ng3 Qxd3 24. Nxe5 Qxe3 25. Bxe3 Nd5 26. Bxa7 b5 27. axb6 Rb7 28. Nc6 Bc5 29. Ne4 Bxb6 30. Nd6 Bd7 31. Nxb7 Bxc6 32. Bxb6 Nxb6 33. Ra6 1-0

[Event "Feffernitz Raika op 07th"]
[Site "Feffernitz"]
[Date "1998.08.23"]
[Round "?"]
[White "Koefeler, Christian"]
[Black "Stiemer, Soenke"]
[Result "1/2-1/2"]
[WhiteElo "1760"]
[BlackElo "2075"]
[PlyCount "24"]
[EventDate "1998.08.??"]
[EventType "swiss"]
[EventRounds "9"]
[EventCountry "AUT"]
[SourceTitle "EXT 2004"]
[Source "ChessBase"]
[SourceDate "2003.11.25"]
[SourceVersion "1"]
[SourceVersionDate "2003.11.25"]
[SourceQuality "1"]

1. e4 e6 2. d4 d5 3. Nc3 Nf6 4. Bg5 Be7 5. e5 Ne4 6. Bxe7 Qxe7 7. Nxe4 dxe4 8. c3 c5 9. Qg4 cxd4 10. Qxg7 Rf8 11. Ne2 Nc6 12. 0-0-0 dxc3 1/2-1/2

[Event "Feffernitz Raika op 07th"]
[Site "Feffernitz"]
[Date "1998.08.22"]
[Round "?"]
[White "Kofler, Michael"]
[Black "Koefeler, Christian"]
[Result "1/2-1/2"]
[WhiteElo "1668"]
[BlackElo "1760"]
[PlyCount "23"]
[EventDate "1998.08.??"]
[EventType "swiss"]
[EventRounds "9"]
[EventCountry "AUT"]
[SourceTitle "EXT 2004"]
[Source "ChessBase"]
[SourceDate "2003.11.25"]
[SourceVersion "1"]
[SourceVersionDate "2003.11.25"]
[SourceQuality "1"]

1. e4 e6 2. d4 d5 3. e5 c5 4. c3 Nc6 5. Nf3 Qb6 6. Be2 Nge7 7. dxc5 Qc7 8. Bb5 Ng6 9. Bxc6+ bxc6 10. Qd4 Ba6 11. Bg5 h6 12. Bh4 1/2-1/2

[Event "Feffernitz Raika op 07th"]
[Site "Feffernitz"]
[Date "1998.08.17"]
[Round "?"]
[White "Trink, Hugo"]
[Black "Koefeler, Christian"]
[Result "1/2-1/2"]
[WhiteElo "1570"]
[BlackElo "1760"]
[PlyCount "46"]
[EventDate "1998.08.??"]
[EventType "swiss"]
[EventRounds "9"]
[EventCountry "AUT"]
[SourceTitle "EXT 2004"]
[Source "ChessBase"]
[SourceDate "2003.11.25"]
[SourceVersion "1"]
[SourceVersionDate "2003.11.25"]
[SourceQuality "1"]

1. Nf3 Nf6 2. c4 c6 3. Nc3 d5 4. cxd5 cxd5 5. d4 Bf5 6. e3 e6 7. Bd3 Bxd3 8. Qxd3 a6 9. a3 Bd6 10. Bd2 Nbd7 11. 0-0 0-0 12. b3 Qe7 13. a4 Rac8 14. Rac1 Nb8 15. Nb1 Nc6 16. Bc3 Ne4 17. Nfd2 Nxc3 18. Rxc3 Nb4 19. Qe2 Rxc3 20. Nxc3 Rc8 21. Ndb1 Rc6 22. Rd1 Qc7 23. Qd2 Bxh2+ 1/2-1/2